| 000 | 01644nam a22003977a 4500 | ||
|---|---|---|---|
| 003 | CHAP | ||
| 005 | 20220817043152.0 | ||
| 008 | 971013s1987 r 00010 d | ||
| 010 | _a67340 | ||
| 011 | _a68312 | ||
| 035 | _a77784 | ||
| 040 | _cCHAP | ||
| 082 |
_a636.085 _bC47Y 1982 |
||
| 100 | 0 | 0 |
_aChurch, D.C. _922991 |
| 245 | _aFundamentos de nutrición y alimentación de animales | ||
| 260 |
_aMéxico, D. F. : _bLimusa, _c1987 |
||
| 300 |
_a438 p. _b: ilus.; gráfs. |
||
| 500 | _aTítulo varía: Bases científicas para la nutrición y alimentación de los animales domésticos | ||
| 500 | _aTrad. de: Basic animal nutrition and feeding 2 ed. de 1982 | ||
| 590 |
_aBATCH-UPD _b10 _c20130110 _lUCH01 _h1548 |
||
| 590 |
_aBATCH-UPD _b10 _c20130410 _lUCH01 _h0946 |
||
| 590 |
_aBATCH-UPD _b10 _c20130914 _lUCH01 _h0930 |
||
| 590 |
_aCONVERSION _b10 _c20130109 _lUCH01 _h1337 |
||
| 650 | 1 | 4 |
_aAlimentos y alimentacion del ganado. _94326 |
| 650 | 1 | 4 | _aNutrición animal. |
| 700 | 0 |
_aPond, Wilson G. _990831 |
|
| 901 | _aBK | ||
| 942 | _cLIBRO | ||
| 949 |
_a636.085 C47Y 1982 _bBC _cLIBRO _d33724000908968 _eLIBRO _gI.143027 _h74077 _i77784 _si _t19.28 |
||
| 949 |
_a636.085 C47Y 1982 _bBC _cLIBRO _d33724000936035 _eLIBRO _fc.2 _gI.143028 _h74078 _i77784 _si _t19.28 |
||
| 949 |
_a636.085 C47y 1982 _bZA _cLIBRO _d-2973 _eLIBRO _h5353 _i77784 _si |
||
| 949 |
_a636.085 C47y 1982 _bZA _cLIBRO _d-52977 _eLIBRO _fc.2 _h5354 _i77784 _si |
||
| 949 |
_a636.085 C47y 1982 _bZA _cLIBRO _d-52978 _eLIBRO _fc.3 _h5355 _i77784 _si |
||
| 949 |
_a636.085 C4y 1982 _bZ _cLIBRO _d-67533 _eLIBRO _fc.2 _h368 _i77784 _si |
||
| 949 |
_a636.085 C4y 1982 _bZ _cLIBRO _d-7858 _eLIBRO _h1083 _i77784 _si |
||
| 999 |
_c67340 _d67340 |
||